| 000 | 00580nam a2200229 a 4500 | ||
|---|---|---|---|
| 001 | nice12345678 | ||
| 003 | IN_TiNIC | ||
| 005 | 20260116011846.0 | ||
| 008 | 070409s1953 cala grp 000 0 eng | ||
| 020 |
_a _c150 |
||
| 082 | 0 | 0 |
_a954.0254 _bELL |
| 100 | _aElliot, H M | ||
| 245 |
_aHistory of India _bThe Mohammaden Period |
||
| 260 |
_aCalcutta _bSusil Gupta India Private Ltd _c1953 |
||
| 300 | _a155p | ||
| 500 | _aincludes index and biblioraphy | ||
| 650 | _aIndia-History Akbar Nama | ||
| 700 | 1 | _aElliot, H M | |
| 902 | _bSRS | ||
| 942 | _cBK | ||
| 999 |
_c4504 _d4504 |
||